[Event "Rubinstein Memorial-C 55th"]
[Site "Polanica Zdroj"]
[Date "2019.08.18"]
[Round "2"]
[White "Karnasiewicz, Robert"]
[Black "Klama, Andrzej"]
[Result "1-0"]
[WhiteElo "1803"]
[BlackElo "1525"]
[PlyCount "125"]
[EventDate "2019.08.17"]
[EventType "swiss"]
[EventRounds "9"]
[EventCountry "POL"]
[SourceTitle "EXT 2020"]
[Source "ChessBase"]
[SourceDate "2019.10.17"]
[SourceVersion "1"]
[SourceVersionDate "2019.10.17"]
[SourceQuality "1"]

1. d4 e6 2. c4 b6 3. e4 Bb7 4. Bd3 h6 5. Ne2 Nc6 6. a3 Nge7 7. 0-0 d6 8. f4 Qd7 9. d5 Nd8 10. Nbc3 a6 11. f5 e5 12. b4 f6 13. Rb1 Nf7 14. Be3 Nc8 15. c5 dxc5 16. bxc5 Bxc5 17. Bxc5 bxc5 18. Rxb7 0-0 19. Rb1 Ncd6 20. Qa4 Qxa4 21. Nxa4 c4 22. Bc2 Nb5 23. Ra1 Nfd6 24. Nec3 Rfe8 25. Bd1 Nd4 26. g4 Reb8 27. Ra2 N6b5 28. h4 Kf7 29. Rff2 Nb3 30. Bxb3 cxb3 31. Rab2 Nd4 32. Nc5 a5 33. N3a4 Rb5 34. Ne6 Rc8 35. Nac5 Rb6 36. Nxd4 exd4 37. Rxb3 Ke7 38. Rfb2 Kd6 39. Nd3 Rxb3 40. Rxb3 Re8 41. Nf2 Kc5 42. Kg2 Kc4 43. Rb1 Re7 44. Kf3 Kc3 45. Rb5 Kd2 46. Rxa5 Re8 47. Ra4 Kc3 48. Ra7 Rc8 49. e5 fxe5 50. Ke4 Kc2 51. Nd3 c5 52. dxc6 Rxc6 53. Nxe5 Rd6 54. Rc7+ Kb3 55. Rd7 Ra6 56. Rxg7 Kxa3 57. Kxd4 Kb3 58. Rb7+ Kc2 59. g5 hxg5 60. hxg5 Rd6+ 61. Ke4 Rd1 62. Rc7+ Kb3 63. f6 1-0